000 00582nam a2200229Ia 4500
003 OSt
005 20220924134937.0
006 a|||||r|||| 00| 0
007 ta
008 220923b |||||||| |||| 00| 0 ben d
024 _a287881
037 _cTextual
040 _aARTS
_cARTS
_bben
041 _2ben
_aben
082 _aDelta:8xM61, 157L3
100 _aChaudhary
_9209532
245 0 _aRabindranather paralok charcha
260 _c1973
650 _aSPIRurdALISM
942 _hDelta:8xM61, 157L3
_cTEXL
_2CC
999 _c439135
_d439135